Normal view
MARC view
- Raeth, Peter G
Entry Personal Name
001 - CONTROL NUMBER
- control field: 101263
003 - CONTROL NUMBER IDENTIFIER
- control field: NUST
005 - DATE AND TIME OF LATEST TRANSACTION
- control field: 20221024133842.0
008 - FIXED-LENGTH DATA ELEMENTS
- fixed length control field: 221024|| aca||aabn | a|a d
040 ## - CATALOGING SOURCE
- Original cataloging agency: NUST
- Transcribing agency: NUST
100 ## - HEADING--PERSONAL NAME
- Personal name: Raeth, Peter G
670 ## - SOURCE DATA FOUND
- Source citation: Work cat.: (NUST)180445: Raeth, Peter G., Expert systems :, c1990.
